Statistics for European Countries - Blind Typing

Click here to take the quiz!

General Stats

  • This quiz has been taken 1,423 times
    (610 since last reset)
  • The average score is 40 of 46

Answer Stats

Country% Correct
United Kingdom
96%
Germany
93%
Russia
93%
Finland
92%
Portugal
92%
Sweden
92%
France
91%
Norway
91%
Spain
91%
Greece
90%
Ireland
90%
Poland
90%
Slovakia
90%
Belgium
89%
Denmark
89%
Iceland
89%
Italy
89%
Latvia
89%
Lithuania
89%
Ukraine
89%
Netherlands
88%
Romania
88%
Slovenia
88%
Switzerland
88%
Austria
87%
Belarus
87%
Estonia
87%
Hungary
87%
Luxembourg
86%
Vatican City
86%
Bosnia and Herzegovina
85%
Czech Republic
85%
Bulgaria
84%
Croatia
84%
Liechtenstein
84%
Montenegro
84%
Serbia
84%
Albania
83%
Andorra
83%
Kosovo
83%
Malta
83%
North Macedonia
83%
San Marino
83%
Monaco
82%
Moldova
81%
Turkey
60%

Score Distribution

Percentile by Number Answered

Percent of People with Each Score

Your Score History

You have not taken this quiz since the last reset